000 00700nam a2200181Ia 4500
008 151018s9999 xx 000 0 und d
082 _bRBASDV42193
_a891.463
100 _aसी वसंता
245 _aभूतल स्वर्गातील घायाळ वसंत
250 _b1
260 _bसाकेत प्रकाशन प्रा लि औरंगाबाद
_c2006
300 _a122
600 _aसी वसंता
630 _aभूतल स्वर्गातील घायाळ वसंत
700 _aसी वसंता
730 _aभूतल स्वर्गातील घायाळ वसंत
942 _cBOOK
999 _c1041422
_d1041419